[Event "SVK-chT U12 rapid"]
[Site "Poprad"]
[Date "2025.05.02"]
[Round "3.23"]
[White "Lazur, Richard"]
[Black "Solcansky, Samuel"]
[Result "1-0"]
[WhiteElo "1575"]
[BlackElo "1000"]
[PlyCount "43"]
[EventDate "2025.05.02"]
[EventType "team-swiss (rapid)"]
[EventRounds "7"]
[EventCountry "SVK"]
[SourceTitle "CB19_2025"]
[SourceDate "2025.05.07"]
[SourceVersion "1"]
[SourceVersionDate "2025.05.07"]
[SourceQuality "1"]

1. e4 e5 2. Nf3 Nc6 3. Bc4 h6 4. Nc3 d6 5. h3 Nf6 6. d3 Be7 7. Be3 0-0 8. 0-0 a6 9. a4 Bd7 10. d4 Nxd4 11. Nxd4 exd4 12. Bxd4 Bc6 13. Re1 Nh5 14. Qxh5 Be8 15. Re3 c5 16. Rg3 cxd4 17. Nd5 f6 18. Nxe7+ Kh8 19. Ng6+ Kh7 20. Nxf8+ Kh8 21. Qxh6+ gxh6 22. Rg8# 1-0